书目信息 |
| 题名: |
通往白宫的角逐:美国历届总统竞选实录 上册
|
|
| 作者: | 杨家祺 编著 | |
| 分册: | ||
| 出版信息: | 北京 国际文化出版公司 1997.02 |
|
| 页数: | 上下册 | |
| 开本: | 32开 | |
| 丛书名: | ||
| 单 册: | ||
| 中图分类: | D771.224 | |
| 科图分类: | ||
| 主题词: | 政治 | |
| 电子资源: | ||
| ISBN: | 7-80105-525-X | |
| 000 | 00649nam0 2200193 45 | |
| 001 | 0103211042 | |
| 005 | 20010321104647.5 | |
| 010 | @a7-80105-525-X@d上下册:39.00元 | |
| 100 | @a20010321d1997 km y0chiy0120 ea | |
| 101 | 0 | @achi |
| 105 | @a z 000yy | |
| 200 | 1 | @a通往白宫的角逐:美国历届总统竞选实录 上册@ATong Wang Bai Gong De Jiao Zhu:Mei Guo Li Jie Zong Tong Jing Xuan Shi Lu Shang Ce@f杨家祺等编著@FYang Jia Qi Deng Bian Zhu |
| 210 | @a北京@c国际文化出版公司@d1997.02 | |
| 215 | @a上下册@d32开 | |
| 606 | 0 | @a政治 |
| 690 | @aD771.224@v3 | |
| 701 | 0 | @a杨家祺@4编著 |
| 801 | @aCN@bPftUser@c20010321 | |
| 905 | @b331308-309@dD771.224@eY681:1@f2 | |
| 通往白宫的角逐:美国历届总统竞选实录 上册/杨家祺等编著.-北京:国际文化出版公司,1997.02 |
| 上下册;32开 |
| ISBN 7-80105-525-X:上下册:39.00元 |
| ● |
| 相关链接 |
|
|
|
正题名:通往白宫的角逐:美国历届总统竞选实录上册
索取号:D771.224/Y681:1
 
预约/预借
| 序号 | 登录号 | 条形码 | 馆藏地/架位号 | 状态 | 备注 |
| 1 | 331308 | 203313084 | 社科库509/509社科库 78排4列4层/ [索取号:D771.224/Y681:1] | 在馆 | |
| 2 | 494702 | 204947022 | 社科库509/509社科库 78排4列4层/ [索取号:D771.224/Y681:1] | 在馆 |